000 00464nam a2200193Ia 4500
008 131103s9999 xx 000 0 und d
020 _cRs.4.80
040 _aLoreto College
041 _aEnglish
082 _aREF3
_bLCBED/9283
100 _aKumar, S.
245 4 _aThe story og glass
_cS.Kumar
260 _aNew Delhi
_bN.C.E.R.T
_c1980
300 _a152p
_c 20cm.
504 _aIncludes appendix
650 _aREF3
850 _aLCBED/REF3
942 _cBK
999 _c33453
_d83932